[Event "World School-ch U11 Girls"]
[Site "Rhodes"]
[Date "2023.04.15"]
[Round "2"]
[White "Eroglu, Ilgin Deniz"]
[Black "Anu, Bayart Uchral"]
[Result "0-1"]
[WhiteElo "1205"]
[BlackElo "1427"]
[PlyCount "92"]
[EventDate "2023.04.14"]
[EventType "swiss"]
[EventRounds "9"]
[EventCountry "GRE"]
[SourceTitle "EXT 2024"]
[Source "ChessBase"]
[SourceDate "2023.10.10"]
[SourceVersion "1"]
[SourceVersionDate "2023.10.10"]
[SourceQuality "1"]

1. e4 c6 2. d4 d5 3. exd5 cxd5 4. Bd3 Nc6 5. c3 Nf6 6. Bf4 Bg4 7. Qb3 Qd7 8. Nd2 e6 9. Ngf3 Bd6 10. Bxd6 Qxd6 11. 0-0 0-0 12. Rfe1 Bxf3 13. Nxf3 Rab8 14. Ne5 Nd7 15. Nxd7 Qxd7 16. Qd1 Ne7 17. Qh5 f5 18. Re3 Rf6 19. Rg3 Rg6 20. Re1 Rf8 21. Rxg6 Nxg6 22. Qg5 Rf6 23. h4 h6 24. Qg3 b6 25. h5 Nf8 26. f4 Qd6 27. Re3 Kh8 28. Qh4 Qd7 29. Bc2 b5 30. Bd1 Qd6 31. Rf3 b4 32. Kh2 bxc3 33. bxc3 Nh7 34. Kg1 Rf7 35. g4 fxg4 36. Qxg4 Nf6 37. Qg6 Rb7 38. Rf2 Qb8 39. Bb3 Re7 40. Rf3 Qc7 41. Bc2 Qc4 42. Bb3 Qe2 43. Qg2 Qe1+ 44. Rf1 Qxc3 45. Qf2 Ng4 46. Qg3 Qxg3+ 0-1

[Event "TUR-ch U07/12 Girls"]
[Site "Antalya"]
[Date "2023.01.26"]
[Round "7"]
[White "Eroglu, Ilgin Deniz"]
[Black "Ince, Zumra Ahsen"]
[Result "1-0"]
[WhiteElo "1098"]
[BlackElo "1057"]
[PlyCount "61"]
[EventDate "2023.01.17"]
[EventType "swiss"]
[EventRounds "9"]
[EventCountry "TUR"]
[SourceTitle "EXT 2024"]
[Source "ChessBase"]
[SourceDate "2023.10.10"]
[SourceVersion "1"]
[SourceVersionDate "2023.10.10"]
[SourceQuality "1"]

1. e4 e5 2. Nf3 Nc6 3. Bc4 Nf6 4. Qe2 Bc5 5. c3 d6 6. d3 h6 7. h3 Bd7 8. a4 a5 9. Nbd2 Qe7 10. Nf1 g5 11. g4 Bb6 12. Bd2 0-0-0 13. Bb3 Be6 14. Bc2 d5 15. 0-0-0 d4 16. c4 Bc5 17. Kb1 Qd6 18. Bc1 Nd7 19. Ng3 Nb6 20. Nf5 Bxf5 21. exf5 Nd7 22. Nd2 Nf6 23. Nb3 Bb4 24. h4 Nh7 25. hxg5 hxg5 26. Rh5 f6 27. Rdh1 Qe7 28. Bd2 b6 29. Qf3 Bxd2 30. Qxc6 Bb4 31. Qe6+ 1-0

[Event "TUR-ch U07/12 Girls"]
[Site "Antalya"]
[Date "2023.01.24"]
[Round "4"]
[White "Eroglu, Ilgin Deniz"]
[Black "Ova, Merve"]
[Result "1-0"]
[WhiteElo "1098"]
[BlackElo "1351"]
[PlyCount "145"]
[EventDate "2023.01.17"]
[EventType "swiss"]
[EventRounds "9"]
[EventCountry "TUR"]
[SourceTitle "EXT 2024"]
[Source "ChessBase"]
[SourceDate "2023.10.10"]
[SourceVersion "1"]
[SourceVersionDate "2023.10.10"]
[SourceQuality "1"]

1. e4 c6 2. d4 d5 3. exd5 cxd5 4. Bd3 Nc6 5. c3 Nf6 6. Bf4 Bg4 7. Qb3 Qd7 8. h3 Bh5 9. Nd2 e6 10. Ngf3 Bd6 11. Bxd6 Qxd6 12. 0-0 b6 13. Rfe1 0-0 14. Ne5 Nd7 15. f4 Ndxe5 16. fxe5 Qe7 17. Be2 Bg6 18. Nf3 h6 19. Rad1 Qc7 20. Nh4 Be4 21. Bd3 Bxd3 22. Rxd3 f6 23. Ng6 Rf7 24. Qd1 fxe5 25. dxe5 Ne7 26. Rg3 Nxg6 27. Rxg6 Re8 28. Qa4 Qe7 29. Qg4 Kh7 30. Qg3 Qc5+ 31. Kh2 Qc4 32. a3 Qb5 33. Rb1 Qa4 34. Qd3 Qf4+ 35. Rg3+ Qf5 36. Qf3 Qxf3 37. Rxf3 Rxf3 38. gxf3 Rf8 39. Kg3 Rf5 40. Re1 Rg5+ 41. Kf2 Rf5 42. Kg3 g5 43. Re3 Rf4 44. b3 b5 45. Rd3 Kg6 46. Re3 a5 47. Re2 b4 48. cxb4 axb4 49. a4 d4 50. Re4 d3 51. Rxf4 gxf4+ 52. Kf2 Kf5 53. a5 Kxe5 54. a6 Kd4 55. a7 Kc3 56. a8Q Kxb3 57. Qa1 Kc2 58. Ke1 d2+ 59. Ke2 b3 60. Qd1+ Kc3 61. Qxd2+ Kc4 62. Qb2 Kb4 63. Kd3 e5 64. Qxe5 Ka3 65. Qa1+ Kb4 66. Qb2 h5 67. Kd4 h4 68. Kd5 Ka4 69. Kc4 Ka5 70. Qxb3 Ka6 71. Kc5 Ka7 72. Kc6 Ka8 73. Qb7# 1-0